Holiday Quiz

Random Holiday or Puzzle Quiz
Score 0/30 Timer 08:00
2 Plays Today
% Correct
Chimney
99.4%
December
99%
Red
98%
Two
96.9%
Eight
96%
Milk
95.6%
Elf
95.1%
January
94.8%
Eggnog
94.7%
Log
93.9%
The Nutcracker
93.8%
Mistletoe
93.7%
Tinsel
91.1%
Blue
90.2%
A Christmas Story
89.7%
% Correct
Prince Albert
88.7%
Myrrh
88.4%
Jimmy Stewart
88.3%
KFC
87.8%
We Three Kings
87.4%
Thomas Edison
83.2%
Jingle Bells
82.2%
Latin
82%
Turkey
79.6%
Puritans
79.2%
Goose
79.1%
Visit
78%
Saturnalia
77.7%
Thomas Nast
71.8%
JOY TO THE WORLD
66.5%
Remove Ads.
Support Sporcle.
Get the best of Sporcle when you Go Orange. This ad-free experience offers more features, more stats, and more fun while also helping to support Sporcle. Thank you for becoming a member.

You're not logged in!

Compare scores with friends on all Sporcle quizzes.
OR
Log In

Show Comments

Extras

Top Quizzes Today


Score Distribution

Your Account Isn't Verified!

In order to create a playlist on Sporcle, you need to verify the email address you used during registration. Go to your Sporcle Settings to finish the process.

Report this User

Report this user for behavior that violates our Community Guidelines.

Details: